| Tag |
First Indicator |
Second Indicator |
Subfields |
| LEADER |
00000cam a2200000 4500 |
| 001 |
in00000046329 |
| 005 |
20151007071320.0 |
| 008 |
720216s1972 paua b 00110 eng |
| 010 |
|
|
|a 74165283
|
| 020 |
|
|
|a 0721668097
|
| 035 |
|
|
|a (OCoLC)00251703
|
| 035 |
|
|
|9 AAE5733AM
|
| 040 |
|
|
|a DLC
|c DLC
|d OKO
|d TXA
|d UtOrBLW
|
| 049 |
|
|
|a TXAM
|c [1383534]
|
| 050 |
0 |
0 |
|a RK61
|b .N58
|
| 060 |
|
0 |
|a WU 113 N737n 1972
|
| 082 |
0 |
|
|a 617.6/01
|
| 100 |
1 |
|
|a Nizel, Abraham E.
|
| 245 |
1 |
0 |
|a Nutrition in preventive dentistry: science and practice /
|c [by] Abraham E. Nizel.
|
| 264 |
|
1 |
|a Philadelphia :
|b Saunders,
|c [1972]
|
| 264 |
|
4 |
|c [©1972]
|
| 300 |
|
|
|a xii, 506 pages :
|b illustrations ;
|c 25 cm.
|
| 336 |
|
|
|a text
|b txt
|2 rdacontent
|
| 337 |
|
|
|a unmediated
|b n
|2 rdamedia
|
| 338 |
|
|
|a volume
|b nc
|2 rdacarrier
|
| 504 |
|
|
|a Includes bibliographical references.
|
| 650 |
|
0 |
|a Preventive dentistry.
|
| 650 |
|
0 |
|a Nutrition and dental health.
|
| 650 |
|
2 |
|a Nutritional Physiological Phenomena.
|
| 650 |
|
2 |
|a Preventive Dentistry.
|
| 999 |
|
|
|a MARS
|
| 999 |
f |
f |
|s d098dc9f-e1c8-3c91-9e43-060b042ab9c7
|i 4244e53a-e56a-3b98-b593-786a5bc36af7
|t 0
|
| 952 |
f |
f |
|p ric
|a Texas A&M University
|b Rellis Campus
|c Joint Library Facility
|d Remote Storage
|t 0
|e RK61 .N58
|h Library of Congress classification
|i unmediated -- volume
|m A14805149377
|
| 998 |
f |
f |
|a RK61 .N58
|t 0
|l Remote Storage
|